Chelsea 2021-2022 - Statistiques

Statistiques générales
  • Ce quiz a été pris 134 fois
  • Le résultat moyen est 13 sur 33
Statistiques - réponses
Match joués Poste Réponse % Correct
40 MIL N'golo Kanté
88%
48 G Edouard Mendy
81%
45 ATT Kai Havertz
81%
46 DEF Thiago Silva
80%
51 MIL Mason Mount
75%
46 MIL Jorginho
73%
14 G Kepa
73%
39 DEF Reece James
72%
52 DEF Antonio Rudiger
69%
45 DEF César Azpilicueta
56%
13 DEF Ben Chilwell
53%
36 ATT Timo Werner
53%
37 ATT Christian Pulisic
47%
42 MIL Mateo Kovacic
47%
42 ATT Romelu Lukaku
47%
32 DEF Andreas Christensen
40%
45 DEF Marcos Alonso
38%
42 ATT Hakim Ziyech
37%
30 DEF Trevoh Chalobah
31%
40 MIL Ruben Loftus-Cheek
26%
27 ATT Callum Hudson-Odoi
22%
19 DEF Malang Sarr
17%
1 DEF Kurt Zouma
14%
1 G Marcus Bettinelli
12%
14 MIL Ross Barkley
10%
1 DEF Lewis Hall
6%
3 DEF Kenedy
4%
22 MIL Saul Niguez
4%
5 MIL Harvey Vale
3%
1 MIL Xavier Simons
3%
1 DEF Emerson Palmieri
2%
1 ATT Jude Soonsup-Bell
2%
1 MIL Lewis Baker
2%
Aucun quiz correspondant
Distribution des résultats
% des personnes avec chaque résultat
Percentile par nombre de réponses
Votre historique - résultats
Vous n’avez pas pris ce quiz